Libertad limitada: un ensayo sobre la democracia

Na minha lista:
Detalhes bibliográficos
Autor principal: Ten Hoor, Marten (Autor)
Formato: Livro
Idioma:espanhol
Publicado em: Buenos Aires Agora 1958
coleção:Hombres y Problemas, 11
Assuntos:
Tags: Adicionar Tag
Sem tags, seja o primeiro a adicionar uma tag!

MARC

LEADER 00000nam a2200000 a 4500
001 UCT7196
003 CL-VaPUC
008 970116e19580000AG |||||||||||||||||spa|d
082 0 4 |a 321.4  |b TEN  |2 21 
100 0 |a Ten Hoor, Marten  |e author  |9 378025 
245 1 0 |a Libertad limitada: un ensayo sobre la democracia 
300 |a 254 p 
942 |c BK 
945 |d 19970116 00:00:00  |a paguirre 
260 |a Buenos Aires  |b Agora  |c 1958 
650 0 |a Democracia  |9 255256 
650 7 |a SISTEMAS POLITICOS  |2 CL-VaPUC  |9 378026 
650 0 |a Doctrinas políticas  |9 255835 
650 7 |a TEORIA POLITICA  |2 CL-VaPUC  |9 378027 
650 0 |a Libertad  |9 255686 
650 7 |a COMPORTAMIENTO POLITICO  |2 CL-VaPUC  |9 335468 
650 0 |a Gobierno   |9 255508 
583 |a last modification  |c 19970116 00:00:00  |k Rodrigo Vera 
490 0 |a Hombres y Problemas, 11 
999 |c 255853  |d 255851 
952 |0 0  |1 0  |4 0  |6 321_400000000000000_TEN_1958  |7 0  |8 A  |9 278303  |a BIBDER  |b BIBDER  |d 2019-11-19  |i 1807374  |o 321.4 TEN 1958  |p 1807374  |r 2023-01-25  |w 2019-11-19  |y BK  |k DER